| 000 | 00484nam a22001697a 4500 | ||
|---|---|---|---|
| 005 | 20240611133441.0 | ||
| 008 | 240611b |||||||| |||| 00| 0 eng d | ||
| 020 | _a9780471215929 | ||
| 082 |
_a004.62 _bGOR-J |
||
| 100 | _aGoralski, Walter J. | ||
| 245 |
_aJuniper and cisco routing / _cWalter J.Goralski |
||
| 260 |
_aUSA: _bWiley; _c2002. |
||
| 300 |
_axix, 715 p. : _bill; _c24 cm. |
||
| 500 | _ainclude index. | ||
| 650 | _acomputer science/ web operating system | ||
| 999 |
_c35896 _d35896 |
||